书目信息 |
| 题名: |
全球化崩溃
|
|
| 作者: | 索尔 编著 ;江美娜 , 张积模 译 | |
| 分册: | ||
| 出版信息: | 青岛 青岛出版社 2009 |
|
| 页数: | 267页 | |
| 开本: | 24cm | |
| 丛书名: | ||
| 单 册: | ||
| 中图分类: | D81 | |
| 科图分类: | ||
| 主题词: | 国际化--研究 , 国际化 | |
| 电子资源: | ||
| ISBN: | 978-7-5436-5645-1 | |
| 000 | 01010nam0 2200277 45 | |
| 001 | 1034528280 | |
| 005 | 20100319081406.75 | |
| 010 | @a978-7-5436-5645-1@dCNY32.80 | |
| 100 | @a20100312d2009 em y0chiy50 ea | |
| 101 | 1 | @achi@ceng |
| 102 | @aCN@b370000 | |
| 105 | @ay z 000yy | |
| 106 | @ar | |
| 200 | 1 | @a全球化崩溃@AQuan Qiu Hua Beng Kui@dThe collapse of globalism and the reinvention of the world@f约翰·拉尔斯顿·索尔著@FYue Han· La Er Si Dun· Suo Er Zhu@g江美娜,张积模译@zeng |
| 210 | @a青岛@c青岛出版社@d2009 | |
| 215 | @a267页@d24cm | |
| 330 | @a本书作者除了例举全球化的种种弊端之外,也客观地分析了它的成功之处。本书见解独到,颇有远见。 | |
| 510 | 1 | @aCollapse of globalism and the reinvention of the world@zeng |
| 606 | 0 | @a国际化@x研究 |
| 606 | 0 | @a国际化 |
| 690 | @aD81@v4 | |
| 701 | 1 | @a索尔@ASuo Er@c(Saul,John Ralston)@4编著 |
| 702 | 0 | @a江美娜@AJiang Mei Na@4译 |
| 702 | 0 | @a张积模@AZhang Ji Mo@4译 |
| 801 | 0 | @aCN@bTANGWEI@c20100319 |
| 905 | @b0585992-94@dD81@e101@f3 | |
| 全球化崩溃=The collapse of globalism and the reinvention of the world/约翰·拉尔斯顿·索尔著/江美娜,张积模译.-青岛:青岛出版社,2009 |
| 267页;24cm |
| ISBN 978-7-5436-5645-1:CNY32.80 |
| 本书作者除了例举全球化的种种弊端之外,也客观地分析了它的成功之处。本书见解独到,颇有远见。 |
| ● |
| 相关链接 |
|
|
|
|
正题名:全球化崩溃
索取号:D81/101
 
预约/预借
| 序号 | 登录号 | 条形码 | 馆藏地/架位号 | 状态 | 备注 |
| 1 | 0585992 | 205859926 | 第一样本阅览室/ [索取号:D81/101] | 在馆 | |
| 2 | 0585993 | 205859935 | 第一借阅区/ [索取号:D81/101] | 在馆 | |
| 3 | 0585994 | 205859944 | 密集书库-海洋学院/ [索取号:D81/101] | 在馆 |